Statistiques concernant Quiz Les suffixes internet pays et autres... (3)

Cliquez ici pour prendre le quiz!

Statistiques générales

  • Ce quiz a été pris 2 fois
  • Le résultat moyen est 11 sur 25

Statistiques - réponses

QuestionRéponse% Correct
.recipes est un suffixe destinéaux sites de recettes
100%
Quel pays a pour suffixe .tl et .tp ?le Timor oriental
100%
Quel suffixe ne correspond pas à territoire souverain ?.re
100%
.singles est un suffixe réservéà des sites de rencontre
50%
Le suffixe .xxx est destinéaux sites pornographiques
50%
. rich est un suffixe réservé...aux sites proposant des services de luxe
50%
.za est le suffixe...de l'Afrique du Sud
50%
.ws est le suffixe ...des Samoa
50%
Le suffixe .ps correspond à un territoire situéen Asie
50%
Qui a pour suffixe .um ?Les îles mineures éloignées des Etats-Unis
50%
Quel pays gagne beaucoup grâce à son suffixe national ?Les Tuvalu
50%
Le suffixe du Nigeria est.ng
50%
Le suffixe des Pays-Bas est.nl
50%
Le Québec a pour suffixe....quebec
50%
Quel suffixe n'est pas celui d'un territoire insulaire ?.sb
50%
Les sites consacrés aux aides de toutes sortes peuvent avoir pour suffixe....support
50%
Quel est normalement le suffixe des sites américains, même s'il est peu utilisé ?.us
50%
Quel suffixe existe ?.xyz
50%
Quelle est le suffixe attribué à Mayotte ?.yt
50%
Une site avec le suffixe .todayest mis à jour plusieurs fois par jour
0%
Quel suffixe ne concerne pas un un pays ayant le mot "Guinée" dans son nom ?.gn
0%
Quel est le suffixe de l'île Maurice ?.mu
0%
Quel suffixe n'existe pas ?.ny
0%
.uno est un suffixe utilisépar des sites en espagnol
0%
Quel est le suffixe des Iles vierges des Etats-Unis ?.vi
0%

Distribution des résultats

Percentile par nombre de réponses

% des personnes avec chaque résultat

Votre développement - résultats

Vous n’avez pas pris ce quiz